Tướng quân Phạm Ngũ Lão Truyện thơ khuyết danh

Saved in:
Bibliographic Details
Main Author: Trần, Tuấn Danh (Sưu tầm)
Other Authors: Hoàng, Văn Trị (Sưu tầm), Vũ,Tiến Kỳ (Sưu tầm), Đào, Quang Lâm (Sưu tầm)
Format: Book
Language:Vietnamese
Published: H. Lao Động 2011
Subjects:
Tags: Add Tag
No Tags, Be the first to tag this record!
Institutions: Trung tâm Học liệu Lê Vũ Hùng, Trường Đại học Đồng Tháp
LEADER 01047aam a22002778a 4500
001 00029260
005 20171026081022.0
008 120518s2011 ||||||viesd
020 # # |a 9786045900727 
041 0 # |a vie 
082 1 4 |a 895.922 1  |b T561Q 
100 1 # |a Trần, Tuấn Danh  |e Sưu tầm 
245 1 0 |a Tướng quân Phạm Ngũ Lão  |b Truyện thơ khuyết danh  |c Trần Tuấn Danh, Hoàng Văn Trị, Vũ Tiến Kỳ, Đào Quang Lâm (st) 
260 # # |a H.  |b Lao Động  |c 2011 
300 # # |a 139 tr.  |c 21 cm 
500 # # |a ĐTTS ghi: Hội Văn nghệ Dân gian Việt Nam 
653 # # |a Lịch sử trung đại 
653 # # |a Việt Nam 
653 # # |a Phạm Ngũ Lão 
700 1 # |a Hoàng, Văn Trị  |e Sưu tầm 
700 1 # |a Vũ,Tiến Kỳ  |e Sưu tầm 
700 1 # |a Đào, Quang Lâm  |e Sưu tầm 
852 # # |j KD.0013638 
852 # # |b Kho đọc  |j KD.0013638 
910 |d 18/05/2012 
980 # # |a Trung tâm Học liệu Lê Vũ Hùng, Trường Đại học Đồng Tháp